000 00861nabaa22002057a 4500
999 _c6111
_d6111
003 OSt
005 20260122095459.0
008 190701b xxu||||| |||| 00| 0 spa d
040 _cPJ
100 _96879
_aArrúa, Rocío
245 1 3 _aLa contratación pública en contextos de emergencia /
_cRocío Arrúa.
300 _ap. 23-30
505 _aSumario: I. Introducción.— II. El fundamento de las normas de emergencia.— III. El caso español.— IV. El caso porteño.— V. Conclusiones.
505 _t¿Te interesa el texto completo? Comunicate al correo: koha@justierradelfuego.gov.ar
650 0 _9211
_aDERECHO ADMINISTRATIVO
650 0 _95233
_aPANDEMIA
650 0 _92054
_aEMERGENCIA ECONOMICA
773 0 _02842
_93251
_dBuenos Aires : AbeledoPerrot, 2012-
_oDA121
_tDerecho administrativo. Nº 146 marzo/abril 2023
_z18510590
942 _2udc
_cANA